000 00718nam a22001817a 4500
999 _c61746
_d61746
005 20240426124214.0
008 240426s2008 enk||||| |||| 00| 0 eng d
020 _a9780071476911x
041 _aeng
080 _a616.4 H-30
245 _a Harrison's Principles of Internal Medicine:
_bVolume 1 /
_cEditor Fauci, A. , Eugene Braunwald, Dennis Kasper, Stephen Hauser, Dan Longo, J. Jameson, Joseph Loscalzo.
250 _a17th Edition
264 _aNew York :
_bMcGraw-Hill,
_c2008.
300 _a1364 p. :
_bill.;
_c28 cm.
653 _aსინაგანი ორგანოების მედიცინა
700 _aFauci, Anthony
_eრედაქტორი
_919530
942 _2udc
_cᲬᲘᲒᲜᲘ